000 00289nam a22001337a 4500
008 170414b xxu||||| |||| 00| 0 eng d
020 _a9780312315221
041 _aeng
080 _a612.39
100 _a10
101 _aSHM
245 _aATKINS FOR LIFE
_cATKINS, R.C
942 _2udc
_cBK
999 _c10738
_d10738